| 000 | 01694nam0a2200349 4500 | ||
|---|---|---|---|
| 001 | RU\NLR\bibl\84661 | ||
| 005 | 20260406155452.0 | ||
| 010 |
_a5-7107-3153-6 _915000 |
||
| 021 |
_aRU _b2000-3314 _9166 |
||
| 035 | _a(NLR Aleph) 000082678 | ||
| 090 |
_a460974 _c460974 |
||
| 100 | _a20000510d2000 |||y0rusy50 ca | ||
| 101 | 0 | _arus | |
| 102 | _aRU | ||
| 105 | _aa ||||||||| | ||
| 200 | 1 |
_aМатематика _eДля поступающих в вузы _fГ. Дорофеев, М. Потапов, Н. Розов |
|
| 205 | _a3-е изд., стер. | ||
| 210 |
_aМ. _cДрофа _d2000 |
||
| 215 |
_a555, [1] c. _cил. _d21 |
||
| 225 | 1 | _aВ помощь абитуриенту | |
| 606 | 0 |
_aМатематика _jРуководства, пособия и т.п. для поступающих в высшие учебные заведения _9922118 _3RU\NLR\auth\6619329 |
|
| 606 | 0 |
_aМатематика _jУчебные издания для поступающих в высшие учебные заведения _9922118 _3RU\NLR\auth\6619329 |
|
| 686 | _aВ10я729-1 | ||
| 700 | 1 |
_4570 _7ca _8rus _aДорофеев _bГ. В. _f1938-2008 _gГеоргий Владимирович _9112221 _3RU\NLR\AUTH\772205 |
|
| 701 | 1 |
_4070 _7ca _8rus _aПотапов _bМ. К. _f1931-2021 _gМихаил Константинович _9117670 _3RU\NLR\auth\777739 |
|
| 701 | 1 |
_4070 _7ca _8rus _aРозов _bН. Х. _cд-р физ.-мат. наук _f1938-2020 _gНиколай Христович _9245539 _3RU\NLR\AUTH\770245595 |
|
| 801 | 0 |
_aRU _bNLR _c20000510 _gPSBO |
|
| 801 | 1 |
_aRU _bNLR _c20000510 |
|
| 852 |
_aNLR _j2000-3/2403 |
||
| 942 | _cBOOK | ||
| 980 | _aNB | ||